Statistics for Book of Boba Fett Characters by Quote (SPOILERS!)

Click here to take the quiz!

General Stats

  • This quiz has been taken 20 times
  • The average score is 5 of 9

Answer Stats

HintAnswer% Correct
"Like a Bantha!"Boba Fett
94%
"Wizard."Din Djarin
89%
"Tatooine belongs to the syndicate."Cad Bane
72%
"If you wish to continue breathing, I advise you to weigh your next words carefully."Fennec Shand
67%
“So much like your father.”Ahsoka Tano
56%
“Get back up. Always get back up.”Luke Skywalker
56%
"Do you have any idea what this is? This is an N-1 starfigher, handmade for the Royal Guard and commissioned personally by the Queen of Naboo."Peli Motto
44%
"Welcome to the Sanctuary. Would you care to partake in any of our sundry offerings?"Garsa Fwip
22%
“Sleep lightly, bounty hunter.”The Twins
22%

Score Distribution

Percentile by Number Answered

Percent of People with Each Score

Your Score History

You have not taken this quiz